| 000 | 00482nam a2200157Ia 4500 | ||
|---|---|---|---|
| 008 | 210716s2018 xx 000 0 und d | ||
| 020 | _a9789386602749 | ||
| 041 | _aeng | ||
| 082 | _a374.22 SEND | ||
| 100 | _aSengupta, Debashish. | ||
| 245 |
_aLife of Y: engaging millennials as employees and consumers. _bengaging millennials as employees and consumers. |
||
| 250 | _a1 | ||
| 260 |
_aNew Delhi _bSage Publications _c2018 |
||
| 300 | _axx,284 | ||
| 650 | _aTraining & Development | ||
| 999 |
_c211353 _d211353 |
||